Electric circuits. (10th edition.) (Record no. 75785)

MARC details
000 -LEADER
fixed length control field 01321nam a2200229 a 4500
008 - FIXED-LENGTH DATA ELEMENTS--GENERAL INFORMATION
fixed length control field 190711s2015 ||||||||||||||||| || u
020 ## - INTERNATIONAL STANDARD BOOK NUMBER
International Standard Book Number 9781292060545
050 ## - LIBRARY OF CONGRESS CALL NUMBER
Classification number TK 454 Nil
100 ## - MAIN ENTRY--PERSONAL NAME
Personal name Nilsson, James W
245 10 - TITLE STATEMENT
Title Electric circuits. (10th edition.)
Statement of responsibility, etc. By James W. Nilsson, Susan A. Riedel.
250 ## - EDITION STATEMENT
Edition statement 10th edition
260 ## - PUBLICATION, DISTRIBUTION, ETC.
Place of publication, distribution, etc. Boston
Name of publisher, distributor, etc. Pearson
Date of publication, distribution, etc. 2015
260 ## - PUBLICATION, DISTRIBUTION, ETC.
Place of publication, distribution, etc. Boston
Name of publisher, distributor, etc. Pearson Education Limited
Date of publication, distribution, etc. 2015
300 ## - PHYSICAL DESCRIPTION
Extent 814 pages : illustrations
350 ## -
-- 74.97
700 ## - ADDED ENTRY--PERSONAL NAME
Personal name Riedel, Susan A
995 ## -
-- SHORT LOAN BOOKS
-- 750090
-- CBU-MAIN LIBRARY (Kitwe)
-- 74.97
-- TK 454 Nil
-- 5
-- AVAILABLE
-- Nov 25, 2019
-- 750090
-- Short Loan Collection
995 ## -
-- MAIN LIBRARY OPEN ACCESS
-- 749339
-- CBU-MAIN LIBRARY (Kitwe)
-- 74.97
-- TK 454 Nil
-- 2
-- AVAILABLE
-- Jul 11, 2019
-- 749339
-- Main Library Open Access Collection
995 ## -
-- MAIN LIBRARY OPEN ACCESS
-- 749340
-- CBU-MAIN LIBRARY (Kitwe)
-- 74.97
-- TK 454 Nil
-- 3
-- AVAILABLE
-- Jul 11, 2019
-- 749340
-- Main Library Open Access Collection
995 ## -
-- MAIN LIBRARY OPEN ACCESS
-- 749338
-- CBU-MAIN LIBRARY (Kitwe)
-- 74.97
-- TK 454 Nil
-- 1
-- AVAILABLE
-- Jul 11, 2019
-- 749338
-- Main Library Open Access Collection
995 ## -
-- MAIN LIBRARY OPEN ACCESS
-- 749341
-- CBU-MAIN LIBRARY (Kitwe)
-- 74.97
-- TK 454 Nil
-- 4
-- AVAILABLE
-- Jul 11, 2019
-- 749341
-- Main Library Open Access Collection
999 ## -
-- 75785
-- 75785
Holdings
Withdrawn status Lost status Source of classification or shelving scheme Damaged status Not for loan Permanent Location Current Location Shelving location Date acquired Total Checkouts Full call number Barcode Date last seen Copy number Price effective from Koha item type Date last checked out
          CBU-MAIN LIBRARY, KITWE. CBU-MAIN LIBRARY, KITWE.   04/24/2023   TK 454 Nil 750090 04/24/2023 1 04/24/2023 SHORT LOAN COLLECTION  
          CBU-MAIN LIBRARY, KITWE. CBU-MAIN LIBRARY, KITWE.   04/24/2023   TK 454 Nil 749339 04/24/2023 2 04/24/2023 MONOGRAPH  
          CBU-MAIN LIBRARY, KITWE. CBU-MAIN LIBRARY, KITWE.   04/24/2023   TK 454 Nil 749340 04/24/2023 3 04/24/2023 MONOGRAPH  
          CBU-MAIN LIBRARY, KITWE. CBU-MAIN LIBRARY, KITWE.   04/24/2023 1 TK 454 Nil 749338 09/05/2024 4 04/24/2023 MONOGRAPH 08/30/2024
          CBU-MAIN LIBRARY, KITWE. CBU-MAIN LIBRARY, KITWE.   04/24/2023   TK 454 Nil 749341 04/24/2023 5 04/24/2023 MONOGRAPH